000 00552nam a2200181Ia 4500
005 20250508151445.0
008 008 250505s9999 xx 000 0 eng d
037 _aTextual
040 _aFEDL
_beng
_cFEDL
041 _aeng
_2eng
084 _a309.154, CHA
_qFEDL
100 _aChakladar H. C.
_9759192
245 0 _aSocial life in ancient India : A study in Vatsyayana's Kamasutra
260 _aCalcutta, India
_bSusil Gupta (India) Limited
_c1954
300 _a172p.
942 _cTEXL
_h309.154, CHA
999 _c1329930
_d1329930